000 00676nam a22001937a 4500
999 _c148956
_d148956
005 20230712124225.0
010 _aUR-10006
020 _c250.00
_a-
035 _aU-8561
037 _bDBAD/PUB
082 _a841
100 _aفا طمہ تا ج
245 _aیا د ستا ن /
_cفا طمہ تا ج
246 _bYadistaan(Poetry) /
_aby Fatima Taj
260 _aDelhi
_bEducational Publishing House
_c2016
270 _a3191,Vakil Street,Kucha Pandit,Lal Kuan,
_bDelhi
_e110006
_k23214465
_l-
300 _a128 ص
_c22cm(Hb)
942 _2ddc
_cUR
_h841
_mت ا ج